Shortest Pokémon - Statistics

General Stats
  • This quiz has been taken 546 times
    291 since last reset
  • The average score is 24 of 79
Answer Stats
Answer % Correct
Pichu
78%
Caterpie
76%
Weedle
73%
Joltik
65%
Cleffa
60%
Igglybuff
59%
Pidgey
57%
Wurmple
54%
Togepi
53%
Flabébé
48%
Spearow
45%
Starly
45%
Budew
42%
Cutiefly
41%
Eevee
40%
Scatterbug
40%
Pidove
39%
Fletchling
38%
Rattata
38%
Taillow
38%
Cosmog
37%
Diglett
36%
Tynamo
36%
Alolan Rattata
35%
Burmy
35%
Cosmoem
35%
Ditto
35%
Floette
35%
Azurill
34%
Dedenne
34%
Shaymin (Land Forme)
32%
Klefki
31%
Ribombee
31%
Wishiwashi
31%
Sewaddle
30%
Chingling
29%
Pikipek
29%
Spewpa
28%
Jirachi
26%
Paras
26%
Combee
25%
Rotom
25%
Comfey
24%
Kricketot
23%
Sunkern
22%
Azelf
21%
Bounsweet
21%
Litwick
21%
Klink
20%
Mesprit
20%
Solosis
20%
Uxie
20%
Castform
19%
Fomantis
19%
Goomy
19%
Manaphy
19%
Natu
19%
Roselia
19%
Spritzee
19%
Dewpider
18%
Magnemite
18%
Minior
18%
Mimikyu
17%
Kartana
16%
Rowlet
16%
Shellder
16%
Carbink
15%
Durant
15%
Morelull
15%
Pyukumuku
15%
Togedemaru
15%
Cottonee
14%
Foongus
13%
Pumpkaboo (Small)
13%
Froakie
12%
Espurr
11%
Shellos
11%
Dwebble
9%
Drilbur
5%
No matching quizzes found
Score Distribution
Percent of People with Each Score
Percentile by Number Answered
Your Score History
You have not taken this quiz since the last reset